Star Wars Characters- ANH - Statistics

General Stats
  • This quiz has been taken 122 times
  • The average score is 15 of 22
Answer Stats
Hint Answer % Correct
Dark Lord Darth Vader
99%
Smuggler Han Solo
98%
Princess Leia Organa
98%
Farmboy turned Jedi Luke Skywalker
98%
Smuggler's BFF Chewbacca
97%
Jedi Master Obi-Wan Kenobi
97%
Protocol Droid C-3PO
96%
Astromech Droid R2-D2
95%
Hutt Gangster Jabba the Hutt
92%
Imperial Grand Moff Grand Moff Tarkin
91%
Jabba's Bounty Hunter Greedo
79%
Farmboy's Uncle Uncle Owen
79%
Farmboy's Aunt Aunt Beru
72%
Rebel Pilot- Only Survivor (Beside Main) Wedge Antilles
65%
Rebel Pilot- Farmboy's Friend Biggs Darklighter
59%
Rebel General General Dodonna
48%
Rebel Pilot-Fat Jek Porkins
44%
Cantina Patron (Started Trouble) Dr. Evazan
30%
Cantina Patron (Arm Cut Off) Ponda Baba
30%
Imperial Admiral- Choked Admiral Motti
27%
Cantina Bartender Wuher
24%
Imperial General General Tagge
21%
No matching quizzes found
Score Distribution
Percent of People with Each Score
Percentile by Number Answered
Your Score History
You have not taken this quiz